| 000 | 02931nam0a2200409 4500 | ||
|---|---|---|---|
| 001 | RU\NLR\BIBL_A\022299073 | ||
| 005 | 20260420013353.0 | ||
| 010 |
_a978-5-466-07455-0 _91000 |
||
| 021 |
_aRU _bКН-П-24-038376 _9КН-П-24-3831 |
||
| 035 | _a(NLR Aleph) 022299073 | ||
| 090 |
_a13662773 _c13662773 |
||
| 100 | _a20240814d2024 k y0rusy50 ca | ||
| 101 | 0 |
_arus _deng |
|
| 102 | _aRU | ||
| 105 | _aa|||z|||100yy | ||
| 181 | 0 |
_ai _baxxe |
|
| 182 | 0 | _an | |
| 200 | 1 |
_aСистема подготовки кадров социально-культурного и оздоровительного сервиса в условиях инновационной экономики _ecборник научных трудов III международной научно-практической конференции (15 февраля 2024 года, г. Москва) _fМинистерство транспорта Российской Федерации (Минтранс России), Федеральное государственное автономное образовательное учреждение высшего образования "Российский университет транспорта" (ФГАОУ ВО РУТ (МИИТ)) _gпод общей редакцией С. И. Изаак, И. В. Федякина |
|
| 203 |
_aТекст _bвизуальный _cнепосредственный |
||
| 210 |
_aМосква _cРусайнс _d2024 |
||
| 215 |
_a212 с. _cил. _d21 |
||
| 300 | _aРез. ст. англ. | ||
| 320 | _aБиблиогр. в конце ст. и в подстроч. примеч. | ||
| 606 | 1 |
_aКадровая политика _jСъезды, совещания и т.п _yРоссийская Федерация _92109479 _3RU\NLR\AUTH\661275008 |
|
| 606 | 1 |
_aТуризм _jСъезды, совещания и т.п _xКадры _xПодготовка _91811258 _3RU\NLR\AUTH\661110229 |
|
| 606 | 1 |
_aСоциокультурная сфера _jСъезды, совещания и т.п _xКадры _xПодготовка _92604898 _3RU\NLR\AUTH\661541456 |
|
| 686 | 1 | _aУ24(2)0(2Р)я431 | |
| 686 | 1 | _aЧ489.74(2)я431 | |
| 686 | 1 | _aЧ459.53я431 | |
| 702 | 1 |
_aИзаак _bС. И. _gСветлана Ивановна _4340 |
|
| 711 | 1 | 2 |
_a"Система подготовки кадров социально-культурного и оздоровительного сервиса в условиях инновационной экономики", международная научно-практическая конференция _d3 _eМосква _f2024 _9886150 _3RU\NLR\AUTH\880614299 |
| 712 | 0 | 2 |
_4557 _aРоссийский университет транспорта _9585132 _3RU\NLR\AUTH\880461251 |
| 942 | _cBOOK | ||
| 980 | _aNB | ||